| 000 | 00484nam a2200193Ia 4500 | ||
|---|---|---|---|
| 001 | 58191 | ||
| 008 | 140507s9999 xx 000 0 und d | ||
| 020 | _a9780415600385 | ||
| 040 | _cPK-LaUMT | ||
| 082 |
_aR 330.03 _bRUT-R |
||
| 100 | _aRutherford, Donald | ||
| 245 |
_aRoutledge dictionary of economics _cRutherford, Donald |
||
| 250 | _a3rd | ||
| 260 |
_aLondon,UK: _bRoutledge, _c2013 |
||
| 300 | _a710 p. | ||
| 546 | _aEN | ||
| 650 | _aEconomics-dicationaries | ||
| 942 | _cBK | ||
| 999 |
_c55457 _d55457 |
||